00386 a2200157 4500003000400000005001700004008004100021020001800062040000900080082001800089100001500107245005100122250001200173260003300185300001000218OSt20231102134557.0231102b |||||||| |||| 00| 0 eng d a9789380081618 coclc a954.83bKUT/T aKuttu, V K aThalassery: Oru Muslim Charithram /cV K Kuttu a2nd ed. aKerala:bOther Books,c2014. a120 p